Isabelle OHAYON, La sédentarisation des Kazakhs dans l’URSS de Staline. Collectivisation et changement social (1928-1945). Paris : Maisonneuve Larose -- Institut Français d?Études sur l’Asie Centrale, 2006, 426 p. (notice n° 1604432)
[ vue normale ]
| 000 -LEADER | |
|---|---|
| fixed length control field | 00667cam a2200145 4500500 |
| 005 - DATE AND TIME OF LATEST TRANSACTION | |
| control field | 20251228093444.0 |
| 041 ## - LANGUAGE CODE | |
| Language code of text/sound track or separate title | fre |
| 042 ## - AUTHENTICATION CODE | |
| Authentication code | dc |
| 100 10 - MAIN ENTRY--PERSONAL NAME | |
| Personal name | Buttino, Marco |
| Relator term | author |
| 245 00 - TITLE STATEMENT | |
| Title | Isabelle OHAYON, La sédentarisation des Kazakhs dans l’URSS de Staline. Collectivisation et changement social (1928-1945). Paris : Maisonneuve Larose -- Institut Français d?Études sur l’Asie Centrale, 2006, 426 p. |
| 260 ## - PUBLICATION, DISTRIBUTION, ETC. | |
| Date of publication, distribution, etc. | 2006.<br/> |
| 500 ## - GENERAL NOTE | |
| General note | 13 |
| 786 0# - DATA SOURCE ENTRY | |
| Note | Cahiers du monde russe | Vol 47 | 4 | 2006-11-01 | p. 785zze-964zze | 1252-6576 |
| 856 41 - ELECTRONIC LOCATION AND ACCESS | |
| Uniform Resource Identifier | <a href="https://shs.cairn.info/revue-cahiers-du-monde-russe-2006-4-page-785zze?lang=fr&redirect-ssocas=7080">https://shs.cairn.info/revue-cahiers-du-monde-russe-2006-4-page-785zze?lang=fr&redirect-ssocas=7080</a> |
Pas d'exemplaire disponible.




Réseaux sociaux